[Event "JAM-ch (Women)"]
[Site "Kingston"]
[Date "2018.02.02"]
[Round "1"]
[White "Gray, Krishna"]
[Black "Kidd, Aulanni"]
[Result "1-0"]
[WhiteElo "1679"]
[BlackElo "1478"]
[PlyCount "83"]
[EventDate "2018.02.02"]
[EventType "tourn"]
[EventRounds "11"]
[EventCountry "JAM"]
[SourceTitle "CBM 183 Extra"]
[Source "ChessBase"]
[SourceDate "2018.04.19"]
[SourceVersion "1"]
[SourceVersionDate "2018.04.19"]
[SourceQuality "1"]

1. d4 d5 2. Nf3 Nf6 3. Bg5 e6 4. c4 c6 5. Nc3 Nbd7 6. e3 Be7 7. Bd3 Qc7 8. 0-0 0-0 9. Qc2 Re8 10. Rac1 Nf8 11. h3 Qd8 12. Bf4 N6d7 13. cxd5 exd5 14. Nxd5 Bd6 15. Bxd6 cxd5 16. Qb3 Nf6 17. Bh2 Ne4 18. Rc7 Ne6 19. Rcc1 N6g5 20. Bxe4 Nxe4 21. Rc7 Re6 22. Rfc1 Rb6 23. Qc2 Bf5 24. Ne5 Be6 25. Nd3 h6 26. Nc5 Nxc5 27. dxc5 Ra6 28. a3 Qg5 29. Bg3 Rb8 30. Kh1 b6 31. Rxa7 Rxa7 32. Bxb8 Rb7 33. Bf4 Qh5 34. c6 Ra7 35. Qb3 g5 36. Qxb6 gxf4 37. Qxa7 Bxh3 38. Qb8+ Bc8+ 39. Kg1 Qf5 40. Qxf4 Qxf4 41. exf4 Kf8 42. Rd1 1-0

[Event "JAM-ch (Women) 35th"]
[Site "Kingston"]
[Date "2017.01.20"]
[Round "5"]
[White "Kidd, Aulanni"]
[Black "Smith, Annesha"]
[Result "0-1"]
[WhiteElo "1479"]
[BlackElo "1739"]
[PlyCount "104"]
[EventDate "2017.01.07"]
[EventType "tourn"]
[EventRounds "9"]
[EventCountry "JAM"]
[SourceTitle "EXT 2020"]
[Source "ChessBase"]
[SourceDate "2019.10.17"]
[SourceVersion "1"]
[SourceVersionDate "2019.10.17"]
[SourceQuality "1"]

1. f4 Nf6 2. Nf3 d5 3. e3 Bf5 4. b3 e6 5. Bb2 c5 6. Bb5+ Nc6 7. Bxc6+ bxc6 8. d3 Be7 9. Nbd2 Qc7 10. 0-0 0-0 11. Ne5 Nd7 12. Rf3 Bf6 13. h3 Nxe5 14. fxe5 Bxe5 15. d4 cxd4 16. exd4 Bd6 17. Qe2 Bxc2 18. Raf1 Bg6 19. Qf2 a5 20. Qh4 a4 21. a3 Qe7 22. Qxe7 Bxe7 23. Rc3 axb3 24. Rxc6 Bxa3 25. Bxa3 Rxa3 26. Rc3 Rb8 27. Rfc1 h6 28. Rc8+ Rxc8 29. Rxc8+ Kh7 30. Rb8 Bc2 31. Rb7 Kg6 32. Kf2 Ra2 33. Kg3 b2 34. Kg4 Ra4 35. Kf3 Rxd4 36. Ke3 Rxd2 37. Kxd2 b1Q 38. Rxb1 Bxb1 39. Ke3 e5 40. g3 d4+ 41. Ke2 e4 42. Ke1 e3 43. Ke2 Kf5 44. Kf3 Bd3 45. g4+ Ke5 46. Kg2 Kf4 47. Kg1 Be2 48. Kg2 d3 49. Kg1 d2 50. Kg2 Bf3+ 51. Kh2 d1Q 52. h4 Qh1# 0-1

[Event "JAM-ch (Women) 35th"]
[Site "Kingston"]
[Date "2017.01.07"]
[Round "1"]
[White "Clarke, Adani"]
[Black "Kidd, Aulanni"]
[Result "1/2-1/2"]
[WhiteElo "1537"]
[BlackElo "1479"]
[PlyCount "104"]
[EventDate "2017.01.07"]
[EventType "tourn"]
[EventRounds "9"]
[EventCountry "JAM"]
[SourceTitle "EXT 2020"]
[Source "ChessBase"]
[SourceDate "2019.10.17"]
[SourceVersion "1"]
[SourceVersionDate "2019.10.17"]
[SourceQuality "1"]

1. d4 f5 2. c4 e6 3. Nc3 Bb4 4. e3 Nf6 5. a3 Bxc3+ 6. bxc3 b6 7. Nf3 Bb7 8. Bd3 0-0 9. 0-0 d6 10. Re1 Nbd7 11. Nd2 Ne4 12. Qc2 Ndf6 13. f3 Ng5 14. e4 fxe4 15. Nxe4 Nfxe4 16. fxe4 Qf6 17. Rf1 Qg6 18. Bxg5 Qxg5 19. Qe2 Rf6 20. Rxf6 Qxf6 21. Rf1 Qg5 22. Qf3 h6 23. Qf7+ Kh8 24. Qf4 Qg6 25. Rf3 e5 26. Qf5 Qxf5 27. Rxf5 Re8 28. d5 Kg8 29. Kf2 Bc8 30. Rf3 Bg4 31. Rg3 Rf8+ 32. Ke3 Bd1 33. Kd2 Bh5 34. Ke3 Kh7 35. Rh3 Bg4 36. Rg3 Bh5 37. Be2 Be8 38. Rf3 Rxf3+ 39. Bxf3 Ba4 40. Be2 Kg6 41. Kf3 Kh5 42. Kg3+ Kg5 43. h4+ Kf6 44. Kg4 Kg6 45. Kg3 Bc2 46. Kf3 Kh5 47. Kg3+ Kg6 48. Kf3 Kh5 49. Kg3+ Kg6 50. Kf3 Bb1 51. Ke3 Bc2 52. Bf3 Bb3 1/2-1/2